000 00505nam a2200145Ia 4500
008 151213s9999 xx 000 0 und d
100 _aআবু তাহের মজুমদার।
245 _aএই পথে।
_cআবু তাহের মজুমদার।
260 _aঢাকা
_bপুনম প্রকাশনী।
_c1991
300 _a8644 p.
650 _aBangla
650 _aগল্প।
700 _aআবু তাহের মজুমদার।
999 _c4431
_d4431